00429pab a2200133 454500008004000000100001700040245011900057260000900176300001300185362001200198650002300210650001500233773004700248180718b2012 xxu||||| |||| 00| 0 eng d aJatav, Manoj aExtent of casualisation in rural non-farm workforce of India: What does recent national sample survey data reveal? c2012 ap.65-84. aJan-Jun aEmployment - India aEmployment aJournal of Social and Economic Development